Автоматчики 1-го Украинского фронта на огневой позиции в разрушенном здании на одной из улиц г. Бреслау

RUSMARC
00003621ckm0a2200265#x 450
0014f69ea76-75f2-4716-b4b7-5a2b4ec00c14
00520250311113637.0
100##$a20250311j19450216k###0rusy50 ca
102##$aDE
116##$afiybxx####zz####zz
1222#$ad19450216##
$ad194503####
2001#$aАвтоматчики 1-го Украинского фронта на огневой позиции в разрушенном здании на одной из улиц г. Бреслау
$j[16 февраля - начало марта 1945 г.]
251##$cДокумент
300##$aФотография
300##$aПодлинник
300##$aФотограф не установлен
605##$2prlib_sh
$3LIBNET\UAF\0000088514
$aВторая мировая война в архивных документах (Комплекс оцифрованных архивных документов, кино- и фотоматериалов)
$lколлекция
607##$2nlr_sh
$3RU\NLR\AUTH\661535725
$aБреслау, город (Германия)
$xОсада
$z1945
$jФотографии
608##$2prlib_sh
$3LIBNET\UAF\0000115139
$aДокументальные фотографии
$z1945
686##$a63.3(4Пол)622,13я61
$vLBC/M
$2rubbk
801#0$aRU
$bПБ им. Б.Н. Ельцина
$c20250311
801#1$aRU
$bПБ им. Б.Н. Ельцина
$c20250311
$2rusmarc
801#2$aRU
$bПБ им. Б.Н. Ельцина
$c20250311
$2rusmarc
850##$aРоссийский государственный архив кинофотофонодокументов
852##$aРГАКФФД
$jАрх. № 0-211667
035##$aLIBNET\0001459443
937##$d196208762
$hФедеральное архивное агентство
8564#$uhttp://readingroom.main.prlib.ru/item.aspx?id_node=n196208762&mode=full
Формат отображения